00326nam a2200121Ia 4500008004100000100001400041245001200055260003700067300000800104650006800112942000700180999001700187190216s9999||||xx |||||||||||||| ||und|| aArnold Tw 0aThyrsis bLakshmi Narain Agarwal Pubc1980 a88p aEnglish Stories-English Stories-English Stories-English Stories cBK c13384d13384